El equipo de trabajo y el informe de una auditoría externa integral del sector público (Registro nro. 9091)
[ vista simple ]
| 000 -LEADER | |
|---|---|
| fixed length control field | 00382 a2200109 4500 |
| 001 - CONTROL NUMBER | |
| control field | ART_7481 |
| 005 - DATE AND TIME OF LATEST TRANSACTION | |
| control field | 20260410161554.0 |
| 008 - FIXED-LENGTH DATA ELEMENTS--GENERAL INFORMATION | |
| fixed length control field | 260409a |
| 100 1# - MAIN ENTRY--PERSONAL NAME | |
| Personal name | Rodríguez, Roberto Mario |
| 245 10 - TITLE STATEMENT | |
| Title | El equipo de trabajo y el informe de una auditoría externa integral del sector público |
| 773 0# - HOST ITEM ENTRY | |
| Title | Profesional & Empresaria |
| Related parts | - AÑO IX, Nº 98 (nov. 2007) |
| Record control number | REV70 |
No hay ítems disponibles.